| 000 | 01926cam a22004934a 4500 | ||
|---|---|---|---|
| 001 | muse1466 | ||
| 003 | MdBmJHUP | ||
| 005 | 20210127150858.0 | ||
| 006 | m o d | ||
| 007 | cr||||||||nn|n | ||
| 008 | 091120s2010 mdu o 00 0 eng d | ||
| 010 | _z 2009046114 | ||
| 020 | _a9780801899959 | ||
| 020 | _a0801899958 | ||
| 020 | _z9780801895807 (hardcover : alk. paper) | ||
| 020 | _z0801895804 (hardcover : alk. paper) | ||
| 020 | _z9780801895814 (pbk. : alk. paper) | ||
| 020 | _z0801895812 (pbk. : alk. paper) | ||
| 035 | _a(OCoLC)794700373 | ||
| 040 |
_aMdBmJHUP _cMdBmJHUP |
||
| 050 | 0 | 4 |
_aQ175.32.K45 _bR67 2010 |
| 082 | 0 |
_a501 _222 |
|
| 100 | 1 |
_aRosen, Joe, _d1937- |
|
| 245 | 1 | 0 |
_aLawless Universe _bScience and the Hunt for Reality / _cJoe Rosen. |
| 264 | 1 | _bJohns Hopkins University Press, | |
| 264 | 3 | _bProject MUSE, | |
| 300 | _a1 online resource (xii, 184 p.) | ||
| 504 | _aIncludes bibliographical references and index. | ||
| 505 | 0 | _aObjective or subjective : that is the question -- The science of nature and the nature of science -- Theory : explanation, not speculation -- Is science the whole story? -- Our unique universe -- Nature's laws -- Facing the universe -- The hunt for reality. | |
| 506 | 0 |
_aOpen Access _fUnrestricted online access _2star |
|
| 588 | _aDescription based on print version record. | ||
| 650 | 0 |
_aScience _xPhilosophy. |
|
| 650 | 0 | _aObjectivity. | |
| 655 | 7 |
_aElectronic books. _2local |
|
| 710 | 2 |
_aProject Muse. _edistributor |
|
| 830 | 0 | _aBook collections on Project MUSE. | |
| 856 | 4 | 0 |
_zFull text available: _uhttps://muse.jhu.edu/book/494/ |
| 945 | _aProject MUSE - 2010 Philosophy and Religion | ||
| 945 | _aProject MUSE - 2010 Complete | ||
| 999 |
_c23817 _d23817 |
||